| 000 | 00652nam a22002177a 4500 | ||
|---|---|---|---|
| 005 | 20140505110844.0 | ||
| 010 | _aENG-109641 | ||
| 020 |
_c425.00 _a9789351341833 |
||
| 020 |
_c425.00 _a9351341836 |
||
| 035 | _aEN-93174 | ||
| 037 | _bDBAD/PUB | ||
| 082 | _a657.48 | ||
| 100 | _aHanif, Mohammed | ||
| 245 | 0 | 0 |
_aFinancial accounting / _cby Mohammed Hanif [and] Amitabha Mukherjee |
| 250 | _a2nd ed | ||
| 260 |
_aNew Delhi _bMcGraw Hill Education _c2013 |
||
| 270 |
_aP-24, Green Park Extn. _bNew Delhi _e110016 |
||
| 300 |
_aV.1 (various pagings) _c26cm(pbk) |
||
| 700 | _aMukherjee, Amitabha | ||
| 942 |
_2ddc _cEN _mHAN _h657.48 |
||
| 999 |
_c83235 _d83235 |
||